Statistics for Schools in Singapore

Click here to take the quiz!

General Stats

  • This quiz has been taken 253 times
  • The average score is 31 of 42

Answer Stats

Answer % Correct
ACJCAnglo Chinese Junior College
91%
RGSRaffles Girls School
88%
NUSNational University of Singapore
87%
RIRaffles Institution
86%
NYJCNanyang Junior College
84%
VJCVictoria Junior College
83%
NYPNanyang Polytechnic
83%
CJCCatholic Junior College
81%
SMUSingapore Management University
81%
HCIHwa Chong Institution
80%
SOTASchool of the Arts
80%
SPSingapore Polytechnic
80%
NJCNational Junior College
80%
MGSMethodist Girls School
79%
ACS IAnglo Chinese School Independent
78%
JJCJurong Junior College
78%
NTUNanyang Technological University
77%
TKGSTanjong Katong Girls School
77%
SCGSSingapore Chinese Girls School
77%
RPRepublic Polytechnic
76%
TPTemasek Polytechnic
76%
YJCYishun Junior College
76%
NYGHSNanyang Girls High School
76%
AJCAnderson Junior College
75%
TJCTemasek Junior College
75%
SIMSingapore Institute of Management
75%
ACS BRAnglo Chinese School Barker Road
75%
SAJCSt Andrews Junior College
74%
IJCInnova Junior College
73%
SITSingapore Institute of Technology
72%
PJCPioneer Junior College
71%
VSVictoria School
70%
TPJCTampines Junior College
68%
NIENational Institute of Education
65%
SRJCSerangoon Junior College
64%
SUTDSingapore University of Technology and Design
64%
ITEInstitute of Technical Education
63%
MJCMeridian Junior College
62%
SJISt Joseph Institution
62%
NPNgee Ann Polytechnic
60%
SSTSchool of Science and Technology
49%
MIMillennia Institute
47%

Score Distribution

Percentile by Number Answered

Percent of People with Each Score

Your Score History

You have not taken this quiz